| 000 | 00851nam a2200289Ia 4500 | ||
|---|---|---|---|
| 008 | 160803s9999 xx 000 0 und d | ||
| 020 | _a978-0545206426 | ||
| 100 | _aZullo, Allan | ||
| 245 | _aBattle heroes : | ||
| 245 | _bvoices from Afghanistan / | ||
| 245 | _cby Allan Zullo. | ||
| 260 | _aNew York : | ||
| 260 | _bScholastic Inc. | ||
| 260 | _c2010 | ||
| 300 | _aix, 159 pages ; | ||
| 300 | _c20 cm. | ||
| 650 | _aAfghan War, 2001- -- Personal narratives -- | ||
| 650 | _aAfghanistan -- Politics and government -- 2001- -- | ||
| 650 | _aHeroes -- United States -- Biography -- | ||
| 650 | _aHeroes. | ||
| 650 | _aSoldiers -- United States -- Biography -- | ||
| 650 | _xJuvenile literature. | ||
| 650 | _xJuvenile literature. | ||
| 650 | _xJuvenile literature. | ||
| 650 | _xJuvenile literature. | ||
| 700 | _a1090 | ||
| 999 |
_c298645 _d298645 |
||